banner-ar

الصندوق : (Record no. 60978)

MARC details
000 -الفاتح
حقل البيانات ثابتة الطول 01110nam a22002897a 4500
005 - وقت وتاريخ اخر تعامل مع التسجيلة
رقم الضبط 20240530110437.0
008 - عناصر البيانات ثابتة الطول - معلومات عامة
حقل البيانات ثابتة الطول 150326s2011 su g 000 0 ara d
017 ## - رقم الايداع القانونى
رقم الايداع القانونى 1432/7685
المصدر ( الهيئة المختصة) السعودية . مكتبة الملك فهد
020 ## - الرقم الدولى المعيارى للكتب
الرقم الدولى المعيارى للكتاب 9786035030960
020 ## - الرقم الدولى المعيارى للكتب
الرقم الدولى المعيارى للكتاب 0691123241
040 ## - مصدر الفهرسة
وكالة الفهرسة الأصلية EG-CaGPL
082 04 - رقم تصنيف ديوى العشرى
رقم الطبعة 21
رقم التصنيف 387.5442\
رقم المادة ل ص
100 1# - المدخل الرئيسى - إسم شخصى
الترقيم ليفنسون ، مارك
245 12 - بيان العنوان
العنوان الصندوق :
بقية العنوان كيف جعلت حاويات الشحن البحرى العالم اصغر واقتصاده اكبر /
بيان المسئوليه,etc مارك ليفسون ؛ نقله الى العربية اسامة اسبر
250 ## - بيان الطبعة
بيان الطبعة الاولى
260 ## - PUBLICATION, DISTRIBUTION, ETC. (IMPRINT)
تاريخ النشر أو التوزيع 2011 .
300 ## - الوصف المادى
التعداد 400 ص ؛
أبعاد الوعاء 24 سم
650 04 - المدخل الاضافى بالموضوع-مصطلح موضوعى
مصطلح موضوعي السفن
التقسيم الفرعي العام حمولة
650 04 - المدخل الاضافى بالموضوع-مصطلح موضوعى
مصطلح موضوعي شحن السفن
650 04 - المدخل الاضافى بالموضوع-مصطلح موضوعى
مصطلح موضوعي السفن التجارية
650 04 - المدخل الاضافى بالموضوع-مصطلح موضوعى
مصطلح موضوعي سفن البضائع
650 04 - المدخل الاضافى بالموضوع-مصطلح موضوعى
مصطلح موضوعي النقل البحرى
التقسيم الفرعي العام اقتصاديات
650 04 - المدخل الاضافى بالموضوع-مصطلح موضوعى
مصطلح موضوعي التجارة البحرية
700 0# - المدخل الاضافى - اسم شخصى
الإسم الشخصى اسامة اسبر
الدور مترجم
942 ## - عناصر المدخل الإضافي( كوها)
مصدر التصنيف او مخطط الترفيف Dewey Decimal Classification
Koha [default] item type كتاب
260 ## - PUBLICATION, DISTRIBUTION, ETC. (IMPRINT)
-- الرياض :
-- العبيكان للنشر ،
Holdings
حالة التراجع حالة الفقد حالة تلف ليس للاعارة المكان المؤقت الموقع الحالى تاريخ الاكتساب اجمالي اﻻعارات رقم الطلب الباركود تاريخ اخر مشاهدة تاريخ تفعيل السعر نوع وعاء كوها
        مكتبة القاهرة الكبرى مكتبة القاهرة الكبرى 04/14/2015   387.5442\ ل ص 160174 04/14/2015 04/14/2015 كتاب

Powered By

EGPV